000
00244nmm a2200085Ia 4500
008
220120s9999||||xx |||||||||||||||||und||
100
_a
Digit
245
0
_a
80 plus open resorce software, 6 full free games
260
_a
Nine dot nine interactive ltd.
999
_c
139727
_d
139727